Cargando...
പ്രണയനൊമ്പരങ്ങൾ /
ആധുനികത അതിവേഗത്തിൽ മാറ്റിമറിച്ച തുർക്കിയുടെ ചരിത്രം പല കഥാപാത്രങ്ങളുടെ കാഴ്ചപ്പാടിൽ പറയുന്ന നോവലാണ് പ്രണയനൊമ്പരങ്ങൾ...
| Autor Principal: | |
|---|---|
| Formato: | Printed Book |
| Idioma: | Malayalam |
| Publicado: |
കോട്ടയം :
ഡി. സി. ബുക്ക്സ്,
2019.
|
| Subjects: |
| LEADER | 01118 a2200193 4500 | ||
|---|---|---|---|
| 008 | 211106b |||||||| |||| 00| f mal d | ||
| 020 | |a 9789387169784 | ||
| 041 | |a mal | ||
| 082 | |a 894.3533P1 | ||
| 100 | |a പാമുക്, ഓര്ഹന് |9 1581722 |d 1952- | ||
| 245 | |a പ്രണയനൊമ്പരങ്ങൾ / |c ഓര്ഹന് പാമുക് | ||
| 246 | |a Pranayanombarangal | ||
| 260 | |b ഡി. സി. ബുക്ക്സ്, |c 2019. |a കോട്ടയം : | ||
| 300 | |a 669 pages ; |c 21cm. | ||
| 520 | |a ആധുനികത അതിവേഗത്തിൽ മാറ്റിമറിച്ച തുർക്കിയുടെ ചരിത്രം പല കഥാപാത്രങ്ങളുടെ കാഴ്ചപ്പാടിൽ പറയുന്ന നോവലാണ് പ്രണയനൊമ്പരങ്ങൾ | ||
| 650 | 7 | |2 fast |9 1219399 |a Turkish fiction | |
| 942 | |2 ddc |c BK | ||
| 999 | |c 352470 |d 352470 | ||
| 952 | |0 0 |1 0 |2 ddc |4 0 |6 894_000000000000000_3533P1_PRA |7 0 |9 407343 |a UL |b UL |c ST1 |d 2020-08-26 |g 482.31 |l 1 |o 894.3533P1 PRA |p 104184 |r 2021-12-09 |s 2021-11-16 |v 699.00 |y BK | ||